University of Rhode Island Trivia - Statistics

General Stats
  • This quiz has been taken 6 times
  • The average score is 8 of 13
Answer Stats
Hint Answer % Correct
What is the nickname of URI athletics? Rams
100%
What is the name of the school's mascot? Rhody
100%
What year was URI officially founded? 1892
83%
What are the names of the two dining halls on campus? Butterfield
83%
What are the names of the two dining halls on campus? Mainfare
83%
Who is active president of the University? Marc Parlange
83%
Who is the campus's ice rink named after? Bradford Boss
50%
What is the name of the plaza at the top of campus? Emporium
50%
Who was the former professor, coach and athletic director who is the namesake for the school's signature color? Frank Keaney
50%
What building on campus was formerly Indepence Hall? Swan Hall
50%
What is the name of the URI professor who famously found the Titanic? Robert Ballard
33%
What building was purposed as the schools gym/armory prior to the construction of Keaney Gymnasium? Rodman Hall
33%
What is the name of the old farmhouse on campus, built before the University's conception? Watson House
17%
No matching quizzes found
Score Distribution
Percent of People with Each Score
Percentile by Number Answered
Your Score History
You have not taken this quiz